[Event "World Rapid 2019"]
[Site "Moscow RUS"]
[Date "2019.12.26"]
[Round "5.68"]
[White "Golubov, Saveliy"]
[Black "Huzman, Alexander"]
[Result "1-0"]
[WhiteTitle "IM"]
[BlackTitle "GM"]
[WhiteElo "2469"]
[BlackElo "2567"]
[WhiteFideId "24176729"]
[BlackFideId "2803828"]
[EventDate "2019.12.26"]
[EventType "rapid"]

1. d4 Nf6 2. Nf3 g6 3. Bg5 Bg7 4. Nbd2 O-O 5. c3 d6 6. e4 h6 7. Bh4 c5 8. dxc5
dxc5 9. Bc4 Nc6 10. O-O Nh5 11. Qe2 Qc7 12. Rfe1 Ne5 13. Nxe5 Bxe5 14. Bg3 Nxg3
15. hxg3 Rb8 16. f4 Bg7 17. e5 b5 18. Bxb5 c4 19. a4 a6 20. Bxc4 Rxb2 21. Rab1
Rxd2 22. Bxf7+ Rxf7 23. Qxd2 h5 24. Red1 Rf8 25. Qd4 Bg4 26. Rd2 g5 27. Kh1 gxf4
28. gxf4 Qc8 29. Rb4 Kh8 30. a5 Qf5 31. Rdb2 h4 32. Rb8 Rxb8 33. Rxb8+ Kh7 34.
Rd8 Qh5 35. Kh2 Bf5 36. Qd5 Qg6 37. Qf3 Be4 38. Qh3 Bh6 39. Kg1 Bc6 40. Rd1 Qc2
41. Rf1 Bb5 42. Ra1 Bc6 43. Rf1 Bb5 44. Ra1 Bc6 45. Qg4 Qxc3 46. Rf1 Qg3 47.
Qxg3 hxg3 48. Rc1 Bb5 49. Rc7 Bxf4 50. Rxe7+ Kg6 51. e6 Bd6 52. Rf7 Bc4 53. Rd7
Bb4 1-0

[Event "World Rapid 2019"]
[Site "Moscow RUS"]
[Date "2019.12.26"]
[Round "5.69"]
[White "Alonso Rosell, Alvar"]
[Black "Pigusov, Evgeny"]
[Result "1-0"]
[WhiteTitle "GM"]
[BlackTitle "GM"]
[WhiteElo "2548"]
[BlackElo "2555"]
[WhiteFideId "2270544"]
[BlackFideId "4100514"]
[EventDate "2019.12.26"]
[EventType "rapid"]

1. d4 Nf6 2. Nf3 d5 3. c4 e6 4. e3 Be7 5. Nc3 O-O 6. Bd3 b6 7. cxd5 exd5 8. O-O
c5 9. b3 Bg4 10. Be2 Nc6 11. dxc5 bxc5 12. Bb2 Rc8 13. Rc1 Nb4 14. a3 Nc6 15.
Na4 Ne4 16. Nd2 Nxd2 17. Qxd2 Bxe2 18. Qxe2 Na5 19. Qg4 d4 20. exd4 Nxb3 21.
dxc5 Bf6 22. Rcd1 h5 23. Qg3 Nd4 24. Bxd4 Bxd4 25. Qf4 1-0

[Event "World Rapid 2019"]
[Site "Moscow RUS"]
[Date "2019.12.26"]
[Round "5.70"]
[White "Gareyev, Timur"]
[Black "Potapov, Pavel"]
[Result "0-1"]
[WhiteTitle "GM"]
[BlackTitle "GM"]
[WhiteElo "2598"]
[BlackElo "2482"]
[WhiteFideId "14200937"]
[BlackFideId "4169786"]
[EventDate "2019.12.26"]
[EventType "rapid"]

1. Nf3 f5 2. d3 Nc6 3. e4 e5 4. exf5 d5 5. Qe2 Bxf5 6. Nxe5 Nd4 7. Qd1 Bd6 8.
Nf3 Qe7+ 9. Be3 c5 10. c3 Nxf3+ 11. Qxf3 Qe6 12. Qe2 Ne7 13. Nd2 O-O 14. Nf3
Rae8 15. d4 c4 16. Qd2 Ng6 17. g3 Bg4 18. Ng5 Qf5 19. h3 Bxg3 20. fxg3 Qxg5 21.
Be2 Rxe3 22. hxg4 Qe7 23. Rh2 Re8 24. Rg2 h6 25. Kf1 Qd6 26. Qe1 Nf8 27. g5 Nh7
28. gxh6 Qxh6 29. Kg1 Ng5 30. Rh2 Qxh2+ 0-1

[Event "World Rapid 2019"]
[Site "Moscow RUS"]
[Date "2019.12.26"]
[Round "5.71"]
[White "Zvjaginsev, Vadim"]
[Black "Kim, Alexey"]
[Result "1-0"]
[WhiteTitle "GM"]
[BlackTitle "GM"]
[WhiteElo "2627"]
[BlackElo "2464"]
[WhiteFideId "4113403"]
[BlackFideId "4129776"]
[EventDate "2019.12.26"]
[EventType "rapid"]

1. e4 e6 2. d4 d5 3. Nd2 Nf6 4. Bd3 c5 5. c3 Nc6 6. Ngf3 cxd4 7. cxd4 dxe4 8.
Nxe4 Be7 9. O-O O-O 10. Be3 Nb4 11. Nxf6+ Bxf6 12. Be4 Nd5 13. Qd3 g6 14. Bh6
Re8 15. Ne5 b6 16. Qf3 Bb7 17. Bg5 Kg7 18. Rac1 Qe7 19. Bxd5 Bxd5 20. Qxf6+ Qxf6
21. Bxf6+ Kxf6 22. Rc7 Kf5 23. Rxf7+ Ke4 24. Rd1 Bxa2 25. f3+ Ke3 26. Kf1 h5 27.
Rd3# 1-0

[Event "World Rapid 2019"]
[Site "Moscow RUS"]
[Date "2019.12.26"]
[Round "5.72"]
[White "Reshetnikov, Alexey"]
[Black "Perunovic, Milos"]
[Result "0-1"]
[WhiteTitle "IM"]
[BlackTitle "GM"]
[WhiteElo "2492"]
[BlackElo "2589"]
[WhiteFideId "4162080"]
[BlackFideId "921629"]
[EventDate "2019.12.26"]
[EventType "rapid"]

1. d4 Nf6 2. c4 c5 3. d5 b5 4. cxb5 a6 5. bxa6 g6 6. Nc3 Bxa6 7. e4 Bxf1 8. Kxf1
d6 9. g3 Bg7 10. Kg2 O-O 11. Nf3 Na6 12. Qe2 Qb6 13. Nd2 Nc7 14. Nc4 Qa6 15. Rd1
Nd7 16. Qd3 Rfb8 17. Bg5 Rb4 18. b3 Ne5 19. Nxe5 Bxe5 20. Qc2 Nb5 21. Nxb5 Rxb5
22. a4 Rb4 23. Rab1 c4 24. bxc4 Rxc4 25. Qd3 f6 26. Be3 Qxa4 27. Rb7 Kf7 28.
Rdb1 Rc3 29. Qb5 Qxe4+ 30. Kg1 Re8 31. Qd7 Qxd5 32. Rb8 Qc6 33. Qh3 h5 34. Rxe8
Qxe8 35. Rb7 Qc6 36. Rb8 Rd3 37. Qf1 Qc2 38. Rb1 f5 39. Rc1 Qb3 40. Rb1 Qd5 41.
Qe2 h4 0-1

[Event "World Rapid 2019"]
[Site "Moscow RUS"]
[Date "2019.12.26"]
[Round "5.73"]
[White "Sanal, Vahap"]
[Black "Kazhgaleyev, Murtas"]
[Result "1/2-1/2"]
[WhiteTitle "GM"]
[BlackTitle "GM"]
[WhiteElo "2549"]
[BlackElo "2569"]
[WhiteFideId "6300545"]
[BlackFideId "13700316"]
[EventDate "2019.12.26"]
[EventType "rapid"]

1. e4 e5 2. Nf3 Nc6 3. Bc4 Nf6 4. d4 exd4 5. e5 d5 6. Bb5 Ne4 7. Nxd4 Bd7 8.
Bxc6 bxc6 9. O-O Bc5 10. f3 Ng5 11. f4 Ne4 12. Be3 O-O 13. Nd2 Nxd2 14. Qxd2 Bb6
15. Rae1 c5 16. Nf3 Bf5 17. Bf2 Re8 18. h3 h6 19. Kh2 c4 20. Bh4 Qc8 21. Qxd5
Bxc2 22. Qxc4 Qf5 23. Nd4 Bd3 24. Nxf5 Bxc4 25. Rf3 Be6 26. Ne7+ Kh7 27. f5 Bxa2
28. b3 Rad8 29. e6 fxe6 30. fxe6 Rd4 31. Nf5 Rd5 32. Ng3 Rd4 33. e7 Rxh4 34. Rf8
Rxe7 35. Rxe7 Bc5 36. Rff7 Bxe7 37. Rxe7 Bxb3 38. Rxc7 Rf4 39. Rxa7 Rf7 40. Ra3
Bc2 41. Rc3 Bb1 42. Ne2 Rf2 43. Re3 Ba2 44. Nc3 Bf7 45. Kg3 Rc2 46. Ne2 Rb2 47.
Re7 Kg8 48. Re5 Rb3+ 49. Kh2 Rb2 50. Nd4 g6 51. Rc5 Kg7 52. Nf3 Kf6 53. Rc6+ Kg7
54. Ne5 Re2 55. Rc5 Be6 56. Kg3 Rd2 57. Rc6 Bf5 58. Kf3 Rd5 59. Nc4 Rd3+ 60. Ne3
Rd4 61. Rb6 Ra4 62. Rb2 Rd4 63. Rb7+ Kf6 64. Rb6+ Kg7 65. Ke2 Ra4 66. Rb2 Be4
67. Kf2 Ra3 68. Re2 Ra7 69. Ng4 Bf5 70. Ne5 Re7 71. Nc4 Rxe2+ 72. Kxe2 Kf6 73.
Ne3 Be6 74. Kf3 h5 75. Ke4 g5 76. Nd1 Bc8 77. Ne3 Bb7+ 78. Kd4 h4 79. Kd3 Ke5
80. Ke2 Kf4 81. Kf2 Bc6 82. Ng4 Bd7 83. Nh2 g4 84. hxg4 Bxg4 85. Kg1 Bc8 86. Nf1
Bb7 87. g3+ hxg3 88. Nxg3 Kxg3 1/2-1/2

[Event "World Rapid 2019"]
[Site "Moscow RUS"]
[Date "2019.12.26"]
[Round "5.74"]
[White "Moiseenko, Vadim"]
[Black "Mesropov, Konstantin"]
[Result "1-0"]
[WhiteTitle "GM"]
[BlackTitle "IM"]
[WhiteElo "2526"]
[BlackElo "2422"]
[WhiteFideId "4123700"]
[BlackFideId "4116887"]
[EventDate "2019.12.26"]
[EventType "rapid"]

1. e4 e6 2. d4 d5 3. Nc3 h6 4. exd5 exd5 5. Qf3 Nf6 6. h3 Nc6 7. Be3 Bb4 8. Bd3
Bd6 9. a3 Ne7 10. Nge2 c6 11. Bf4 Bxf4 12. Nxf4 Bf5 13. O-O-O Bxd3 14. Nxd3 O-O
15. g4 Nh7 16. h4 g6 17. Rde1 Kg7 18. Ne2 Qd6 19. Ng3 Rae8 20. Ne5 Ng8 21. Qd3
Qf6 22. Qd2 Qd6 23. Rhg1 f6 24. Nd3 Kf7 25. h5 Rxe1+ 26. Rxe1 gxh5 27. Nf5 Qh2
28. Nf4 Ng5 29. Qe3 Ne4 30. f3 Qf2 31. Qxf2 Nxf2 32. gxh5 1-0

[Event "World Rapid 2019"]
[Site "Moscow RUS"]
[Date "2019.12.26"]
[Round "5.75"]
[White "Carlsson, Pontus"]
[Black "Quparadze, Giga"]
[Result "1/2-1/2"]
[WhiteTitle "GM"]
[BlackTitle "GM"]
[WhiteElo "2456"]
[BlackElo "2462"]
[WhiteFideId "1705814"]
[BlackFideId "13602250"]
[EventDate "2019.12.26"]
[EventType "rapid"]

1. e4 c5 2. Nf3 e6 3. d4 cxd4 4. Nxd4 a6 5. Bd3 Nf6 6. O-O Qc7 7. Qe2 d6 8. c4
g6 9. Rd1 Bg7 10. h3 O-O 11. Nc3 Nc6 12. Nf3 Nd7 13. Be3 Nde5 14. Rac1 Nxf3+ 15.
Qxf3 Nd4 16. Qg3 e5 17. Nd5 Qd8 18. Bg5 f6 19. Be3 Be6 20. Bxd4 exd4 21. c5 Bxd5
22. exd5 dxc5 23. Rxc5 f5 24. h4 Qb6 25. Rdc1 Rad8 26. h5 Rd7 27. hxg6 hxg6 28.
b4 Qd6 29. Qxd6 Rxd6 30. Rc7 Rb8 31. Re1 Bf8 32. Bc4 b5 33. Bb3 Rbd8 34. Re6 d3
35. Re3 d2 36. Rd3 Bh6 37. g3 f4 38. g4 f3 39. Rxf3 Re8 40. Rd3 Re1+ 41. Kg2 Rc1
42. Rc6 Rdxc6 43. dxc6+ Kg7 44. Kg3 Rxc6 45. f4 g5 46. f5 Kf6 47. Rxd2 Bf8 48.
Re2 Bxb4 49. Re6+ 1/2-1/2

[Event "World Rapid 2019"]
[Site "Moscow RUS"]
[Date "2019.12.26"]
[Round "5.76"]
[White "Sek, Konstantin"]
[Black "Belov, Vladimir"]
[Result "1-0"]
[BlackTitle "GM"]
[WhiteElo "2446"]
[BlackElo "2598"]
[WhiteFideId "24104302"]
[BlackFideId "4132394"]
[EventDate "2019.12.26"]
[EventType "rapid"]

1. e4 c6 2. c4 e5 3. Nf3 d6 4. d4 Nd7 5. Nc3 Ngf6 6. Be2 Be7 7. g4 g6 8. h3 Qc7
9. Bh6 Bf8 10. Be3 Bg7 11. c5 exd4 12. cxd6 Qxd6 13. Bxd4 Qe7 14. Qc2 O-O 15.
O-O-O b6 16. g5 Nh5 17. Be3 Bb7 18. Nd4 c5 19. Ndb5 f5 20. Bxh5 gxh5 21. exf5
Bxh1 22. f6 Nxf6 23. gxf6 Qxf6 24. Rxh1 Qf5 25. Rg1 Qxc2+ 26. Kxc2 Kh8 27. Nc7
Rac8 28. Ne6 Rf7 29. Ne4 Re8 30. Nd6 Rxf2+ 31. Bxf2 Rxe6 32. Re1 Rxd6 33. Re8+
Bf8 34. Rxf8+ Kg7 35. Rc8 Kg6 36. Rc7 a6 37. h4 h6 38. Be1 Kf5 39. Rg7 Ke4 40.
Bd2 Rd4 41. Bxh6 Kf5 42. Rg5+ Ke6 43. Rxh5 Rg4 44. Bd2 1-0

[Event "World Rapid 2019"]
[Site "Moscow RUS"]
[Date "2019.12.26"]
[Round "5.77"]
[White "Romanov, Evgeny"]
[Black "Yagupov, Igor"]
[Result "1-0"]
[WhiteTitle "GM"]
[BlackTitle "GM"]
[WhiteElo "2604"]
[BlackElo "2357"]
[WhiteFideId "4148843"]
[BlackFideId "4113632"]
[EventDate "2019.12.26"]
[EventType "rapid"]

1. d4 d5 2. Nf3 Nf6 3. Bg5 Ne4 4. Bh4 c6 5. Nbd2 Bf5 6. e3 Qb6 7. Nxe4 Bxe4 8.
Bd3 Bxd3 9. Qxd3 Nd7 10. O-O-O Qb5 11. Qxb5 cxb5 12. Rhe1 e6 13. e4 Nb6 14. Rd3
Rc8 15. Rb3 a6 16. Ne5 Bd6 17. a4 Bxe5 18. dxe5 Nxa4 19. exd5 Rc4 20. Rh3 Rg4
21. d6 Kd7 22. Bg3 h5 23. f3 Rg5 24. Rh4 Rc8 25. f4 Rf5 26. h3 Nb6 27. Bh2 Nd5
28. g4 Rxf4 29. Bxf4 Nxf4 30. Rf1 Rc4 31. Kd2 g5 32. Rxh5 Nxh5 33. Rxf7+ Kd8 34.
gxh5 Rh4 35. Rh7 Rxh3 36. h6 g4 37. Rh8+ Kd7 38. h7 g3 39. Ke2 Rh2+ 40. Kf1 1-0

[Event "World Rapid 2019"]
[Site "Moscow RUS"]
[Date "2019.12.26"]
[Round "5.78"]
[White "Castellanos Rodriguez, Renier"]
[Black "Kazakouski, Valery"]
[Result "0-1"]
[WhiteTitle "IM"]
[BlackTitle "IM"]
[WhiteElo "2474"]
[BlackElo "2485"]
[WhiteFideId "3404650"]
[BlackFideId "13507443"]
[EventDate "2019.12.26"]
[EventType "rapid"]

1. c4 e5 2. g3 Nc6 3. Bg2 f5 4. Nc3 Nf6 5. e3 Bb4 6. Nd5 e4 7. a3 Bd6 8. d3 Ne5
9. dxe4 Nxe4 10. f4 Nf7 11. Ne2 O-O 12. O-O Re8 13. Nec3 Nxc3 14. Nxc3 c6 15.
Qd3 Qf6 16. Bd2 Bf8 17. b4 b6 18. e4 Qd6 19. Qe3 Qe6 20. Qd3 Nd6 21. e5 Qxc4 22.
Qc2 Ne4 23. Bxe4 fxe4 24. Qxe4 Ba6 25. Qxc4+ Bxc4 26. Rfe1 d6 27. exd6 Bxd6 28.
Ne4 Bf8 29. Bc3 Bd5 30. Be5 a5 31. Rab1 axb4 32. axb4 Ra4 33. Nd6 Rd8 34. Nf5 g6
35. Ne3 Bxb4 36. Ng4 Bxe1 37. Rxe1 Ra7 38. f5 gxf5 39. Nh6+ Kf8 40. Nxf5 Kf7 41.
Bf4 h5 42. h4 Rdd7 43. Re5 Kg6 44. Bg5 Ra1+ 45. Kf2 Rf7 0-1

[Event "World Rapid 2019"]
[Site "Moscow RUS"]
[Date "2019.12.26"]
[Round "5.79"]
[White "Deviatkin, Andrei"]
[Black "Piorun, Kacper"]
[Result "0-1"]
[WhiteTitle "GM"]
[BlackTitle "GM"]
[WhiteElo "2436"]
[BlackElo "2611"]
[WhiteFideId "4121260"]
[BlackFideId "1130420"]
[EventDate "2019.12.26"]
[EventType "rapid"]

1. d4 f5 2. Nh3 Nf6 3. Nc3 d6 4. d5 c6 5. Nf4 cxd5 6. Ncxd5 e6 7. Nxf6+ Qxf6 8.
g3 Bd7 9. Bg2 Bc6 10. O-O Bxg2 11. Kxg2 Nc6 12. Bd2 Be7 13. c4 O-O 14. Bc3 Qf7
15. e3 g5 16. Ne2 Rad8 17. Nd4 Ne5 18. b3 a6 19. Qe2 Ng6 20. f4 Rde8 21. Kh1
gxf4 22. gxf4 Bf6 23. Bb2 Qd7 24. Rad1 Kh8 25. Nf3 Qc6 26. Bxf6+ Rxf6 27. Qb2 e5
28. fxe5 dxe5 29. Qg2 Rg8 30. Ne1 Qc8 31. Qd5 f4 32. exf4 Qg4 33. Qf3 Qxf3+ 34.
Nxf3 Rxf4 35. Ng5 Rxf1+ 36. Rxf1 h6 37. Nf7+ Kg7 38. Nd6 Rd8 39. c5 Rd7 40. Rf5
Re7 41. Kg1 Nh4 42. Rh5 Nf3+ 43. Kf2 Kg6 44. Rh3 Nd4 45. Ke3 Ne6 46. Rg3+ Kf6
47. b4 a5 48. a3 axb4 49. axb4 Nc7 50. Ke4 Na6 51. Rf3+ Kg6 52. Rb3 Kf6 53. Rh3
Nxb4 54. Rxh6+ Kg5 55. Rh8 Nc6 56. Rg8+ Kf6 57. Rf8+ Kg6 58. Rg8+ Kf6 59. Rf8+
Kg6 60. h4 Rh7 61. Nf5 Rd7 62. Rh8 Rd1 63. Rh6+ Kf7 64. Rh7+ Ke6 65. Rh6+ Kf7
66. h5 Re1+ 67. Kd5 Rd1+ 68. Ke4 Re1+ 69. Ne3 Nb4 70. Kf3 Nd3 71. Rh7+ Ke6 72.
Rh6+ Kf7 73. Rh7+ Kf6 74. Rxb7 e4+ 75. Kg4 Rxe3 76. c6 Nf2+ 0-1

[Event "World Rapid 2019"]
[Site "Moscow RUS"]
[Date "2019.12.26"]
[Round "5.80"]
[White "Makarian, Rudik"]
[Black "Novikov, Stanislav"]
[Result "1-0"]
[WhiteTitle "IM"]
[BlackTitle "GM"]
[WhiteElo "2397"]
[BlackElo "2531"]
[WhiteFideId "44105681"]
[BlackFideId "4125371"]
[EventDate "2019.12.26"]
[EventType "rapid"]

1. d4 d5 2. Nf3 e6 3. c4 c6 4. Bg5 Be7 5. Bxe7 Qxe7 6. e3 Nf6 7. Nc3 O-O 8. Bd3
dxc4 9. Bxc4 Nbd7 10. O-O e5 11. dxe5 Nxe5 12. Nxe5 Qxe5 13. h3 Be6 14. Qb3 Bxc4
15. Qxc4 Rfd8 16. Rfd1 Qe7 17. e4 Rac8 18. a4 a5 19. g3 Qb4 20. Qe2 Re8 21. Re1
Nd5 22. Qd3 Nxc3 23. bxc3 Qc5 24. Qd4 Qh5 25. Kg2 Rcd8 26. Qe3 Rd7 27. Rab1 Red8
28. e5 Qf5 29. e6 Re7 30. exf7+ Rxf7 31. Rbd1 Rxd1 32. Rxd1 h6 33. Rd2 Kh7 34.
g4 Qg5 35. Qe4+ Qg6 36. Qxg6+ Kxg6 37. Kg3 b5 38. f4 b4 39. Rd8 Rb7 40. cxb4
axb4 41. Rd6+ Kf7 42. Rxc6 b3 43. Rc1 Ke6 44. a5 b2 45. Rb1 Rb3+ 46. Kh4 Kd5 47.
a6 Kc6 48. Kh5 Rxh3+ 49. Kg6 Rh2 50. Kxg7 Rg2 51. a7 Kb7 52. Kxh6 Kxa7 53. g5
Rf2 54. g6 1-0

[Event "World Rapid 2019"]
[Site "Moscow RUS"]
[Date "2019.12.26"]
[Round "5.81"]
[White "Tengis, Tsog-Ochir"]
[Black "Khusnutdinov, Rustam"]
[Result "0-1"]
[WhiteTitle "FM"]
[BlackTitle "GM"]
[WhiteElo "2190"]
[BlackElo "2491"]
[WhiteFideId "4902718"]
[BlackFideId "13701703"]
[EventDate "2019.12.26"]
[EventType "rapid"]

1. Nf3 d5 2. e3 Bg4 3. c4 c6 4. Nc3 e6 5. b3 Nd7 6. Bb2 Ngf6 7. Be2 Bd6 8. h3
Bh5 9. O-O O-O 10. Rc1 Qe7 11. d4 Rad8 12. Qd2 Bb8 13. Ne1 Bg6 14. f4 Ne4 15.
Nxe4 Bxe4 16. Nf3 Rfe8 17. Qe1 Nf6 18. Ne5 Bg6 19. Bf3 Ne4 20. h4 f6 21. h5 Bf5
22. Nd3 h6 23. Bxe4 Bxe4 24. Nf2 Bh7 25. Qe2 e5 26. dxe5 fxe5 27. cxd5 exf4 28.
dxc6 fxe3 29. c7 Bxc7 30. Qc4+ Kh8 31. Qxc7 exf2+ 32. Rxf2 Rd1+ 33. Rf1 Rxf1+
34. Kxf1 Qe2+ 0-1

[Event "World Rapid 2019"]
[Site "Moscow RUS"]
[Date "2019.12.26"]
[Round "5.83"]
[White "Salgado Lopez, Ivan"]
[Black "Zarubitski, Viachaslau"]
[Result "1/2-1/2"]
[WhiteTitle "GM"]
[BlackTitle "IM"]
[WhiteElo "2605"]
[BlackElo "2451"]
[WhiteFideId "2257327"]
[BlackFideId "13509373"]
[EventDate "2019.12.26"]
[EventType "rapid"]

1. e4 e5 2. Bc4 Nf6 3. d3 c6 4. Nf3 d5 5. Bb3 Bb4+ 6. Bd2 Bxd2+ 7. Nbxd2 a5 8.
a4 Qc7 9. O-O O-O 10. Re1 Re8 11. d4 Bg4 12. dxe5 Rxe5 13. exd5 Rxe1+ 14. Qxe1
cxd5 15. Bxd5 Nbd7 16. Bb3 Re8 17. Qf1 Nc5 18. h3 Nxb3 19. cxb3 Bxf3 20. Nxf3
Qc2 21. Re1 Qxb3 22. Rxe8+ Nxe8 23. Qe1 Qxa4 24. b3 Qb5 25. Qe7 Qc6 26. g3 h6
27. Nd4 Qc8 28. Qe5 Qd8 29. Nf5 Nf6 30. Nd6 Qc7 31. Qd4 Qc1+ 32. Kh2 Qc6 33. Nc4
a4 34. Ne5 Qe4 35. Qxe4 Nxe4 36. bxa4 Nxf2 37. Kg2 Ne4 38. Nd7 f6 39. Kf3 Nd6
40. Nc5 Kf7 41. a5 Ke7 42. Nxb7 Nb5 43. Ke4 Ke6 44. Nc5+ Kd6 45. Nd3 g6 46. g4
Kc6 47. Nb4+ Kc5 48. Nd3+ Kc6 49. a6 Kb6 50. Kd5 Kxa6 51. Ke6 f5 52. gxf5 Nd4+
53. Kf6 gxf5 54. Kg6 Kb5 55. Kxh6 Kc4 56. Nf4 Nf3 57. Kg6 Kd4 58. Kxf5 Ke3 59.
Ng6 Kf2 60. Kg4 Nh2+ 61. Kf4 Nf3 62. Ne5 Nxe5 63. Kxe5 Kg3 64. Kf5 Kxh3 1/2-1/2

[Event "World Rapid 2019"]
[Site "Moscow RUS"]
[Date "2019.12.26"]
[Round "5.84"]
[White "Iljiushenok, Ilia"]
[Black "Wojtaszek, Radoslaw"]
[Result "1/2-1/2"]
[WhiteTitle "GM"]
[BlackTitle "GM"]
[WhiteElo "2521"]
[BlackElo "2725"]
[WhiteFideId "24105074"]
[BlackFideId "1118358"]
[EventDate "2019.12.26"]
[EventType "rapid"]

1. e4 c6 2. d4 d5 3. e5 Bf5 4. Nc3 Qb6 5. Nf3 e6 6. Be2 h6 7. O-O Nd7 8. b3 Ne7
9. Na4 Qc7 10. c4 Bg4 11. Ba3 Nf5 12. Bxf8 Nxf8 13. Rc1 Rd8 14. cxd5 Rxd5 15.
Nc3 Rd8 16. Re1 Ng6 17. Bd3 Nxd4 18. Ne4 Nxe5 1/2-1/2

[Event "World Rapid 2019"]
[Site "Moscow RUS"]
[Date "2019.12.26"]
[Round "5.86"]
[White "Donchenko, Alexander"]
[Black "Gutenev, Alexander"]
[Result "0-1"]
[WhiteTitle "GM"]
[BlackTitle "IM"]
[WhiteElo "2644"]
[BlackElo "2469"]
[WhiteFideId "24603295"]
[BlackFideId "4195540"]
[EventDate "2019.12.26"]
[EventType "rapid"]

1. c4 Nf6 2. Nc3 d5 3. cxd5 Nxd5 4. g3 g6 5. Bg2 Nxc3 6. bxc3 Bg7 7. Nf3 O-O 8.
O-O c5 9. Rb1 Nc6 10. Qa4 Qd7 11. Ng5 Qc7 12. d3 h6 13. Ne4 Nd8 14. Be3 Ne6 15.
Qb5 b6 16. a4 Bd7 17. Qc4 Rab8 18. h4 Kh8 19. f4 f5 20. Nd2 Qd6 21. h5 g5 22.
Qb3 gxf4 23. gxf4 Rg8 24. Kh2 Bf6 25. Nc4 Qc7 26. Bd5 Rg4 27. Ne5 Bxe5 28. Bxe6
Bxf4+ 29. Bxf4 Rxf4 30. Kh3 Rh4+ 31. Kg2 Qh2+ 32. Kf3 Qf4+ 33. Kg2 Rh2+ 0-1

[Event "World Rapid 2019"]
[Site "Moscow RUS"]
[Date "2019.12.26"]
[Round "5.87"]
[White "Batchuluun, Tsegmed"]
[Black "Sychev, Klementy"]
[Result "1/2-1/2"]
[WhiteTitle "GM"]
[BlackTitle "GM"]
[WhiteElo "2530"]
[BlackElo "2563"]
[WhiteFideId "4900847"]
[BlackFideId "4114060"]
[EventDate "2019.12.26"]
[EventType "rapid"]

1. d4 Nf6 2. c4 g6 3. Nc3 d5 4. Bf4 Bg7 5. e3 c5 6. dxc5 Qa5 7. Rc1 Nbd7 8. cxd5
O-O 9. Bc4 Nxc5 10. Ne2 Bd7 11. a3 Ba4 12. b4 Bxd1 13. bxa5 Bb3 14. Bxb3 Nxb3
15. Rb1 Nxa5 16. Be5 b6 17. a4 Nc4 18. Bd4 e5 19. dxe6 fxe6 20. Bxf6 Rxf6 21.
Ne4 Rf7 1/2-1/2

[Event "World Rapid 2019"]
[Site "Moscow RUS"]
[Date "2019.12.26"]
[Round "5.88"]
[White "Gasanov, Eldar"]
[Black "Guimaraes, Diogo Duarte"]
[Result "1-0"]
[WhiteTitle "GM"]
[BlackTitle "FM"]
[WhiteElo "2481"]
[BlackElo "2322"]
[WhiteFideId "14104466"]
[BlackFideId "2112450"]
[EventDate "2019.12.26"]
[EventType "rapid"]

1. d4 Nf6 2. c4 c6 3. Nc3 d5 4. Nf3 a6 5. a4 a5 6. Bf4 Na6 7. e3 Nb4 8. Be2 Bf5
9. O-O e6 10. Rc1 Ne4 11. h3 Be7 12. Qb3 O-O 13. Na2 Nxa2 14. Qxa2 Qb6 15. Ne5
Rfd8 16. Rfd1 c5 17. dxc5 Nxc5 18. cxd5 exd5 19. Bf3 Be6 20. Bxd5 Rxd5 21. Rxd5
Nxa4 22. e4 Bxd5 23. Qxd5 Qe6 24. Qxb7 Rf8 25. Rc6 Nc5 26. Rxe6 1-0

[Event "World Rapid 2019"]
[Site "Moscow RUS"]
[Date "2019.12.26"]
[Round "5.89"]
[White "Santos Ruiz, Miguel"]
[Black "Potkin, Vladimir"]
[Result "1/2-1/2"]
[WhiteTitle "GM"]
[BlackTitle "GM"]
[WhiteElo "2585"]
[BlackElo "2583"]
[WhiteFideId "22291482"]
[BlackFideId "4131061"]
[EventDate "2019.12.26"]
[EventType "rapid"]

1. e4 c5 2. Nf3 e6 3. d4 cxd4 4. Nxd4 Nc6 5. Nc3 Qc7 6. g3 a6 7. Bg2 d6 8. O-O
Be7 9. Nxc6 bxc6 10. Na4 Bb7 11. c4 c5 12. Bf4 Rd8 13. Qe2 Qc6 14. Nc3 Nf6 15.
Rfe1 O-O 16. Rad1 Rfe8 17. Rd2 Nd7 18. Red1 Ne5 19. Be3 Qb6 20. f4 Nc6 21. Qf2
Nd4 22. Bxd4 cxd4 23. Qxd4 Qxd4+ 24. Rxd4 d5 25. Kf1 dxc4 26. Rxc4 Rxd1+ 27.
Nxd1 a5 28. Ke1 Rb8 29. Bf1 g5 30. Bd3 gxf4 31. gxf4 Kf8 32. Ke2 h5 33. b3 h4
34. Nf2 Bd8 35. Rc5 Bb6 36. Rh5 Ke7 37. Rxh4 Rd8 38. Rh3 a4 39. bxa4 Rd4 40. Bb5
Bxe4 41. Nxe4 Rxe4+ 42. Kf3 Rb4 43. f5 e5 44. Rh6 e4+ 45. Kf4 Bc7+ 46. Ke3 Bd6
47. a3 Rb2 48. h4 Rb3+ 49. Kxe4 Rxa3 50. f6+ Ke6 51. Bc4+ Kd7 52. Bxf7 Rxa4+ 53.
Kf5 Rf4+ 54. Kg5 Rf1 55. Rg6 Bf4+ 56. Kg4 Be5 57. Kg5 Bf4+ 58. Kg4 Be5 59. Bd5
Rxf6 60. Rg5 Kd6 61. Rf5 Rxf5 62. Kxf5 Kxd5 1/2-1/2

[Event "World Rapid 2019"]
[Site "Moscow RUS"]
[Date "2019.12.26"]
[Round "5.90"]
[White "Tissir, Mohamed"]
[Black "Vavulin, Maxim"]
[Result "0-1"]
[WhiteTitle "IM"]
[BlackTitle "GM"]
[WhiteElo "2379"]
[BlackElo "2556"]
[WhiteFideId "9000240"]
[BlackFideId "4169530"]
[EventDate "2019.12.26"]
[EventType "rapid"]

1. e4 g6 2. d4 Bg7 3. Nf3 e6 4. c3 Ne7 5. h4 h6 6. Bd3 b6 7. Nbd2 Bb7 8. Qe2 c5
9. dxc5 bxc5 10. Nc4 d5 11. Nce5 O-O 12. Ng4 h5 13. Nh6+ Kh8 14. e5 d4 15. c4
Nd7 16. Be4 Bxe4 17. Qxe4 Nf5 18. Nxf7+ Rxf7 19. g4 hxg4 20. Ng5 Kg8 21. h5 gxh5
22. Rxh5 Nxe5 23. Nxe6 Qe8 24. Rxf5 Re7 25. Nxg7 Nf3+ 26. Kd1 Rxe4 27. Nxe8 Re1+
28. Kc2 Raxe8 29. Rxc5 R8e2+ 30. Kd3 Rxf2 31. Rc8+ Kf7 32. c5 g3 33. c6 g2 34.
c7 Rd1+ 35. Ke4 Rc2 36. Be3 Rxa1 0-1

[Event "World Rapid 2019"]
[Site "Moscow RUS"]
[Date "2019.12.26"]
[Round "5.91"]
[White "Luukkonen, Tommi"]
[Black "Gundavaa, Bayarsaikhan"]
[Result "1-0"]
[WhiteTitle "FM"]
[BlackTitle "GM"]
[WhiteElo "2290"]
[BlackElo "2489"]
[WhiteFideId "501808"]
[BlackFideId "4901045"]
[EventDate "2019.12.26"]
[EventType "rapid"]

1. e4 c5 2. Nf3 d6 3. d4 cxd4 4. Nxd4 Nf6 5. Nc3 a6 6. h3 e6 7. g4 h6 8. Bg2 Be7
9. Be3 Nc6 10. O-O Nd7 11. f4 Nxd4 12. Bxd4 e5 13. fxe5 dxe5 14. Be3 O-O 15. Nd5
Bc5 16. Kh1 b5 17. Qe1 Bxe3 18. Qxe3 Qg5 19. Qg3 Nc5 20. Rad1 Be6 21. Rf5 Bxf5
22. exf5 h5 23. Qxe5 Rae8 24. Qd4 hxg4 25. Qxc5 gxh3 26. Bf3 Qg3 27. Qc3 h2 28.
f6 g6 29. Bg2 Qh4 30. Ne7+ Rxe7 31. fxe7 Qxe7 32. Re1 Qh4 33. Re4 Qh5 34. Qf6
Qh8 35. Qxh8+ Kxh8 36. a4 Rd8 37. axb5 axb5 38. Rb4 Kg7 39. Rxb5 f5 40. Kxh2 Rd2
41. Rc5 Kf6 42. b4 g5 43. Kg3 f4+ 44. Kf3 g4+ 45. Kxg4 Rxg2+ 46. Kxf4 Ke6 47.
Ke3 Kd6 48. Kd3 Rg4 49. c3 Rh4 50. Kc2 Rh1 51. Kb3 Rb1+ 52. Kc4 Rh1 53. Kb5 Rh8
54. c4 Ra8 55. Rc6+ Kd7 56. c5 Ra1 57. Kb6 Rb1 58. b5 Rb2 59. Rh6 1-0